000 00745nam a2200229 4500
003 OSt
005 20240606013034.0
006 a
008 240606b |||||||| |||| 00| 0 eng d
020 _a0688158153
040 _aDWCL-HMN lib.
_cOC
082 _aCirc. 641.5945 C131b 2001
100 _aCaggiano, Biba
245 _aBiba’s taste of Italy : recipes from the homes, trattorie, and restaurants of Emilia-Romagna /
260 _aNew York :
_bHarper Collins Publishers,
_c c2001.
300 _b404 pages : colored illustrations ;
_c25 cm.
504 _aIncludes index.
650 _a1. Cookery, Italian–Northern style.
650 _a2. Cookery–Italy–Emilia-Romagna.
700 _aBiba Caggiano
942 _2ddc
_n0
_cBK-CIRC
_kCirc.
999 _c230
_d230